Ashoka: (Record no. 145716)

MARC details
000 -LEADER
fixed length control field 00801nam a22002177a 4500
005 - DATE AND TIME OF LATEST TRANSACTION
control field 20180501141836.0
010 ## - LCCN (DPL NO)
LC control number 1718EN-30 ENG-122837
020 ## - INTERNATIONAL STANDARD BOOK NUMBER
International Standard Book Number 9788178244914
Terms of availability 595.00
035 ## - SYSTEM CONTROL NUMBER
System control number B-682479-482 EN-106369
037 ## - SOURCE OF ACQUISITION
Source of stock number/acquisition Aakar
Stock number dpl
037 ## - SOURCE OF ACQUISITION
Source of stock number/acquisition DBAD/PUB.
082 ## - DEWEY DECIMAL CLASSIFICATION NUMBER
Classification number 954.01
100 ## - MAIN ENTRY--PERSONAL NAME
Personal name Lairi, Nayanjot
245 ## - TITLE STATEMENT
Title Ashoka:
Statement of responsibility, etc by Nayanjot Lairi
Remainder of title in ancient India /
260 ## - PUBLICATION, DISTRIBUTION, ETC. (IMPRINT)
Place of publication, distribution, etc Ranikhet
Name of publisher, distributor, etc Permanent Black
Date of publication, distribution, etc 2015
270 ## - ADDRESS
Address Himalayana, Mall Road, Ranikhet Cantt.
City Ranikhet
Postal code 263645
300 v# - PHYSICAL DESCRIPTION
Extent xix,385p.
Dimensions 21cm(pbk)
500 ## - GENERAL NOTE
General note Includes index
942 ## - ADDED ENTRY ELEMENTS (KOHA)
Source of classification or shelving scheme Dewey Decimal Classification
Item type English Books
Call number suffix LAH
Classification part 954.01
Holdings
Withdrawn status Lost status Not for loan Collection code Home library Current library Date acquired Source of acquisition Cost, normal purchase price Full call number Barcode Copy number Cost, replacement price Koha item type
      Non-fiction Ashok Vihar Ashok Vihar 12/01/2018 Aakar/I-2011/30.11.17/BPPD/EN/2017-18/631/20.11.17/14.12.2017 595.00 954.01 LAH B-682480 1 595.00 English Books
      Non-fiction Central Library Central Library 12/01/2018 Aakar/I-2011/30.11.17/BPPD/EN/2017-18/631/20.11.17/14.12.2017 595.00 954.01 LAH B-682479 1 595.00 English Books
    Not For Loan Non-fiction D.B.Act.Division Central Library 01/05/2018 DBAD/PUB 595.00 954.01 LAH EN-106369 1 595.00 English Books
      Non-fiction Janak Puri Janak Puri 12/01/2018 Aakar/I-2011/30.11.17/BPPD/EN/2017-18/631/20.11.17/14.12.2017 595.00 954.01 LAH B-682482 1 595.00 English Books
      Non-fiction Patel Nagar Patel Nagar 12/01/2018 Aakar/I-2011/30.11.17/BPPD/EN/2017-18/631/20.11.17/14.12.2017 595.00 954.01 LAH B-682481 1 595.00 English Books

© Delhi Public Library
Hit Counter
free hit counter